000 00842nam a2200277Ia 4500
003 OSt
005 20220924130732.0
006 a|||||r|||| 00| 0
007 ta
008 220923b |||||||| |||| 00| 0 urd d
020 _a9789380104010 (hbk)
020 _cINR 175.00
024 _a352199
037 _b2408, 03/03/2020, M.R. Publications
_cTextual
040 _aARTS
_cARTS
_burd
041 _2urd
_aurd
082 _aV1(Q7),1'D8, 168B9;Q9
100 _aNomani Allama Shibli Au.
_9172893
245 0 _aAl-mamoon
260 _aU
_bP Darul musannifeen Shibli academy India
_c2009
300 _a186p.
_ccm.
650 _a WORLD HISTORY
650 _aISLAM
_9577
942 _hV1(Q7),1'D8, 168B9;Q9
_cTEXL
_2CC
999 _c425325
_d425325